Advanced composites in emerging technologies

Αποθηκεύτηκε σε:
Λεπτομέρειες βιβλιογραφικής εγγραφής
Συγγραφή απο Οργανισμό/Αρχή: International Symposium COMP'90
Άλλοι συγγραφείς: Paipetis, S. A. (Επιμελητής έκδοσης), Philippidis, Theodore (Επιμελητής έκδοσης)
Μορφή: Πρακτικό Συνεδρίου Βιβλίο
Γλώσσα:English
Δημοσίευση: Athens, Greece : AMATEC/Advanced Materials technology Centre, 1991
Θέματα:
Ετικέτες: Προσθήκη ετικέτας
Δεν υπάρχουν, Καταχωρήστε ετικέτα πρώτοι!

MARC

LEADER 00000cam a2200000 i 4500
001 1/45119
008 070525s1991 eng d
020 |a 960-7108-00-0 
035 |l 10088035 
040 |a GR-MY-UA  |b gre  |e aacr 
041 0 |a eng 
082 0 |a 620.118  |2 (22) 
245 1 0 |a Advanced composites in emerging technologies /  |c edited by S. A. Paipetis, T. P. Philippidis 
260 |a Athens, Greece :   |b AMATEC/Advanced Materials technology Centre,   |c 1991 
300 |a xi, 615 σ.;  |b εικ.;  |c 24 εκ. 
500 |a Τα θέματα αυτού του τόμου παρουσιάζονται στο 3ο διεθνές συμπόσιο COMP'90, που πραγματοποιήθηκε στο Πανεπιστήμιο της Πάτρας τον Αύγουστο του 1990 
504 |a Περιλαμβάνει βιβλιογραφικές παραπομπές και ευρετήριο 
650 0 0 |a Composite materials  |x Congresses. 
700 1 |a Paipetis, S. A.  |4 edt 
700 1 |a Philippidis, Theodore.  |4 edt 
711 2 |a International Symposium COMP'90  |n (3rd:  |d 1990:  |c Patras, Greece) 
852 |a INST  |b LESVOS  |e 20070525  |h 620.118 ADV  |p 005100038148  |q 005100038148  |t BK  |y 0 
901 |a BIBL1-2007-2 
970 |a ΚΑΡΑ  |b ΓΙΑΣΕΜΗ  |z 2007/05/25